El problema de las inmundicias en policía urbana (Record no. 179656)

MARC details
000 -LEADER
campo de control de longitud fija 00930nam a22002291i 4500
001 - NÚMERO DE CONTROL
campo de control 179656
003 - IDENTIFICADOR DE NÚMERO DE CONTROL
campo de control ES-MaACL
005 - FECHA Y HORA DE LA ÚLTIMA TRANSACCIÓN
campo de control 20250730024620.0
008 - DATOS DE LONGITUD FIJA--INFORMACIÓN GENERAL
campo de control de longitud fija 111229s1927 sp |||| | spa d
100 0# - ENTRADA PRINCIPAL--NOMBRE DE PERSONA
Nombre de persona Soroa y Pineda, José María de.
9 (RLIN) 107414
245 13 - MENCIÓN DEL TÍTULO
Título El problema de las inmundicias en policía urbana
Resto del título : medios prácticos y sencillos para resolverlo / por José María de Soroa y Pineda.
260 ## - PUBLICACIÓN, DISTRIBUCIÓN, ETC.
Lugar de publicación, distribución, etc. Madrid :
Nombre del editor, distribuidor, etc. Sociedad Española de Higiene,
Fecha de publicación, distribución, etc. 1927.
300 ## - DESCRIPCIÓN FÍSICA
Extensión 48 p :
Otras características físicas il.. ;
Dimensiones 22 cm.
490 1# - MENCIÓN DE SERIE
Mención de serie Legado Roel: Colección de Memorias Premiadas ;
Designación de volumen o secuencia 37
500 ## - NOTA GENERAL
Nota general Concurso de 1927-1928.
650 04 - PUNTO DE ACCESO ADICIONAL DE MATERIA--TÉRMINO DE MATERIA
Término de materia o nombre geográfico como elemento de entrada Gestión de residuos.
9 (RLIN) 13116
650 #4 - PUNTO DE ACCESO ADICIONAL DE MATERIA--TÉRMINO DE MATERIA
Término de materia o nombre geográfico como elemento de entrada Limpieza urbana.
9 (RLIN) 148913
710 2# - ENTRADA AGREGADA--NOMBRE DE ENTIDAD CORPORATIVA
Nombre de entidad corporativa o nombre de jurisdicción como elemento de entrada Sociedad Española de Higiene.
9 (RLIN) 6725
830 00 - PUNTO DE ACCESO ADICIONAL DE SERIE-TÍTULO UNIFORME
Título uniforme Legado Roel: Colección de memorias premiadas
Designación de volumen o secuencia 37
9 (RLIN) 183286
852 ## - LOCALIZACIÓN
Ubicación ES-MaACL
Número de control de estantería C-8172(10)
Nota libre .- Encuadernado con otras obras
Holdings
Estatus retirado Estado de pérdida Estado de daño No para préstamo Biblioteca de origen Biblioteca actual Ubicación en estantería Fecha de adquisición Fuente de adquisición Total de préstamos Signatura topográfica completa Código de barras Visto por última vez Precio de reemplazo Tipo de ítem Koha
        Biblioteca del Ateneo de Madrid Biblioteca del Ateneo de Madrid Sala Palomar 29/12/2011     C-8172(10) 1188736 23/02/2023 23/02/2023 Libro impreso